000 01484cam a22004574i 4500
003 PE-LiUPU
005 20250731173541.0
008 150616s1984 mnu r 000 0 eng d
020 _a0806621230
035 _a(Sirsi) i9780806621234
040 _aPE-LiUPU
_bspa
_cPE-LiUPU
_erda
049 _aPRUA
082 0 4 _a248.6
_bH25
_221
100 1 _aHaugk, Kenneth C.,
_eautor.
245 1 0 _aChristian Caregiving a Way of Life /
_cKenneth C. Haugk.
264 1 _aMinneapolis :
_bAugsburg Publishing House,
_c1984.
300 _a157 páginas ;
_c20 centímetros
336 _atext
_2rdacontent
337 _aunmediated
_2rdamedia
338 _avolume
_2rdacarrier
505 0 _aAmor al projimo -- Servir a la comunidad.
526 _aSEG42
526 _aSEG41
526 _aSEG40
526 _aSEG39
526 _aP94
526 _aP87
526 _aP86
526 _aP85
526 _aP77
526 _aP76
526 _aP35
650 0 4 _aServicios al prójimo
_xCristianismo.
910 _ajck
_bjvq
_cjck
942 _2ddc
_cBOOK
949 _a248.6 H25
_wDEWEY
_c1
_i42526
_lCCODEBUL1
_mBUL
_r0
_sY
_tBOOK
_u2015-6-16
_xTEOLOGIA
_zUNKNOWN
_0COMPRA
_o.STAFF. Colección General
994 _aC0
_bPEPRU
596 _a1
999 _a248.6 H25
_wDEWEY
_c60437
_i42526
_f2021-11-12
_g5
_lCCODEBUL1
_mBUL
_p14.95
_r0
_sY
_tBOOK
_u2015-6-16
_xTEOLOGIA
_PP35
_0COMPRA
_o.STAFF. Colección Teología
_d60437
980 _81
_gALBERTO SANCHEZ Responsable de Automatización